00516nam a2200193 a 4500001001300000003000900013005001700022008004100039020001000080082001700090100002200107245004400129260004800173300001000221500003500231505001100266650002300277700002200300nice12345678IN_TiNIC20260116011638.0050524s1955 hyda grp 000 0 urd  ac10000a297.122bABD aAbdul, Latif Syed aWuh Zehan Jis Ki Tamir Qur`an Karta Hai aHyderabadbAcademy of Islamic Studiesc1955 a208p. aincludes index and biblioraphy2 aThesis aQuran-Appreciation1 aAbdul, Latif Syed